[Event "Tenerife-chT Primera"]
[Site "Tenerife"]
[Date "2023.05.13"]
[Round "13"]
[White "Padilla Mendez, Vicente"]
[Black "Lozano Marques, Manuel"]
[Result "1-0"]
[WhiteElo "1939"]
[BlackElo "1475"]
[PlyCount "69"]
[EventDate "2023.01.14"]
[EventType "team-tourn"]
[EventRounds "14"]
[EventCountry "ESP"]
[SourceTitle "EXT 2024"]
[Source "ChessBase"]
[SourceDate "2023.10.10"]
[SourceVersion "1"]
[SourceVersionDate "2023.10.10"]
[SourceQuality "1"]
[WhiteTeam "El Sauzal Libreria Barco II"]
[BlackTeam "Caissa Enroque II"]
[WhiteTeamCountry "ESP"]
[BlackTeamCountry "ESP"]

1. d4 Nf6 2. c4 g6 3. Nc3 Bg7 4. e4 d6 5. Be2 0-0 6. Be3 Nbd7 7. Qd2 e5 8. d5 Nc5 9. f3 a5 10. Bh6 Nh5 11. 0-0-0 f5 12. g4 fxg4 13. fxg4 Nf4 14. Bxg7 Kxg7 15. h3 Qg5 16. Kb1 Qd8 17. Rf1 g5 18. h4 h6 19. hxg5 hxg5 20. Bf3 Rh8 21. Nge2 Ncd3 22. Rxh8 Qxh8 23. Rh1 Qf8 24. Ng3 Qf6 25. Qh2 Kf7 26. Nb5 Bd7 27. Nf5 Bxf5 28. gxf5 Rc8 29. Qh7+ Qg7 30. Rh6 Nc5 31. Nxc7 Rxc7 32. f6 Qxh7 33. Rxh7+ Kxf6 34. Rxc7 a4 35. Kc2 1-0

[Event "Tenerife-chT Primera Relegation"]
[Site "Tenerife"]
[Date "2022.06.25"]
[Round "2.1"]
[White "Padilla Mendez, Vicente"]
[Black "Perez Garcia, Saul"]
[Result "1/2-1/2"]
[WhiteElo "1939"]
[BlackElo "1809"]
[PlyCount "49"]
[EventDate "2022.06.04"]
[EventType "team-match"]
[EventRounds "2"]
[EventCountry "ESP"]
[SourceTitle "EXT 2024"]
[Source "ChessBase"]
[SourceDate "2023.10.10"]
[SourceVersion "1"]
[SourceVersionDate "2023.10.10"]
[SourceQuality "1"]
[WhiteTeam "El Sauzal II"]
[BlackTeam "Caissa Enroque II"]
[WhiteTeamCountry "ESP"]
[BlackTeamCountry "ESP"]

1. d4 Nf6 2. c4 g6 3. Nc3 d5 4. cxd5 Nxd5 5. e4 Nxc3 6. bxc3 Bg7 7. Bc4 c5 8. Ne2 0-0 9. 0-0 Nc6 10. Be3 Bd7 11. Qd2 Qc7 12. Rac1 a6 13. f4 Na5 14. Bd3 b5 15. d5 e6 16. c4 bxc4 17. Bxc4 Nxc4 18. Rxc4 exd5 19. Rxc5 Qb7 20. exd5 Rfe8 21. Rfc1 Qb2 22. R5c2 Qb5 23. Rc5 Qb2 24. R5c2 Qb5 25. Rc5 1/2-1/2

[Event "Tenerife-chT Preferente"]
[Site "Tenerife"]
[Date "2022.03.26"]
[Round "7.4"]
[White "Padilla Mendez, Vicente"]
[Black "Diaz Reyes, Franklin"]
[Result "1-0"]
[WhiteElo "1936"]
[BlackElo "1839"]
[PlyCount "39"]
[EventDate "2022.01.29"]
[EventType "team-tourn"]
[EventRounds "14"]
[EventCountry "ESP"]
[SourceTitle "EXT 2024"]
[Source "ChessBase"]
[SourceDate "2023.10.10"]
[SourceVersion "1"]
[SourceVersionDate "2023.10.10"]
[SourceQuality "1"]
[WhiteTeam "El Sauzal"]
[BlackTeam "Fundacion La Caja de Canarias"]
[WhiteTeamCountry "ESP"]
[BlackTeamCountry "ESP"]

1. d4 d5 2. c4 e6 3. Nc3 Be7 4. f3 Nf6 5. e4 dxe4 6. fxe4 Bb4 7. Qa4+ Nc6 8. d5 exd5 9. cxd5 Nxd5 10. exd5 Qh4+ 11. Kd1 Bg4+ 12. Be2 0-0-0 13. Bd2 Kb8 14. Nf3 Bxf3 15. Bxf3 Qd4 16. Re1 Na5 17. Re4 Qg1+ 18. Kc2 Qxa1 19. Qxb4 b6 20. Re1 1-0

[Event "Tenerife-chT Preferente"]
[Site "Tenerife"]
[Date "2021.03.13"]
[Round "3.3"]
[White "Rodriguez Redondo, Ethan"]
[Black "Padilla Mendez, Vicente"]
[Result "1-0"]
[WhiteElo "1970"]
[BlackElo "1926"]
[PlyCount "97"]
[EventDate "2021.02.27"]
[EventType "team-tourn"]
[EventRounds "14"]
[EventCountry "ESP"]
[SourceTitle "EXT 2023"]
[Source "ChessBase"]
[SourceDate "2022.10.05"]
[SourceVersion "1"]
[SourceVersionDate "2022.10.05"]
[SourceQuality "1"]
[WhiteTeam "Canarias 64"]
[BlackTeam "El Sauzal Libreria Barco"]
[WhiteTeamCountry "ESP"]
[BlackTeamCountry "ESP"]

1. d4 d5 2. Nc3 Bf5 3. f3 Nf6 4. Bg5 Nbd7 5. Nxd5 Nxd5 6. e4 h6 7. Bh4 Ne3 8. Qd3 Nxf1 9. exf5 Nxh2 10. Rxh2 c6 11. 0-0-0 Nb6 12. Ne2 Qd7 13. g4 0-0-0 14. Kb1 Kb8 15. Nc3 Re8 16. Bg3+ Ka8 17. d5 Nxd5 18. Nxd5 cxd5 19. Qxd5 Qxd5 20. Rxd5 e6 21. fxe6 fxe6 22. Rd7 Be7 23. c3 Bf6 24. Rd6 b6 25. Kc2 Kb7 26. a4 Re7 27. Rhd2 Rhe8 28. Rd7+ Ka6 29. b4 Rc8 30. Be5 Rce8 31. Bxf6 gxf6 32. b5+ Ka5 33. Kb3 a6 34. Rxe7 Rxe7 35. Rd8 Ra7 36. c4 f5 37. gxf5 exf5 38. Rh8 Re7 39. Ra8 Re3+ 40. Kc2 Kxa4 41. Rxa6+ Kb4 42. Rxb6 Kxc4 43. Rf6 Rxf3 44. b6 Rf2+ 45. Kc1 Rg2 46. b7 Rg8 47. Rc6+ Kd3 48. Rc8 Rg1+ 49. Kb2 1-0

[Event "Tenerife-chT Primera 1920"]
[Site "Tenerife "]
[Date "2020.02.15"]
[Round "7.2"]
[White "Rodriguez Torres, Cristo"]
[Black "Padilla Mendez, Vicente"]
[Result "1/2-1/2"]
[WhiteElo "1786"]
[BlackElo "1877"]
[PlyCount "137"]
[EventDate "2019.11.30"]
[EventType "team-tourn"]
[EventRounds "14"]
[EventCountry "ESP"]
[SourceTitle "CBM 195 Extra"]
[Source "ChessBase"]
[SourceDate "2020.05.31"]
[SourceVersion "1"]
[SourceVersionDate "2020.05.31"]
[SourceQuality "1"]
[WhiteTeam "Circulo de Amistad XII Enero"]
[BlackTeam "El Sauzal Libreria Barco II"]
[WhiteTeamCountry "ESP"]
[BlackTeamCountry "ESP"]

1. e4 c5 2. Nf3 e6 3. d3 Qc7 4. g3 Nc6 5. Bg2 Nf6 6. 0-0 Be7 7. Re1 d6 8. Nbd2 0-0 9. Nc4 b5 10. Nxd6 Bxd6 11. e5 Nxe5 12. Nxe5 Bb7 13. Ng4 Nd7 14. Bxb7 Qxb7 15. d4 cxd4 16. Qxd4 Bc5 17. Qf4 f5 18. Ne5 Rad8 19. Qf3 Qb6 20. Nd3 Bd4 21. c3 Bf6 22. Be3 Qb8 23. Rad1 a5 24. Nf4 Ne5 25. Qg2 Rfe8 26. Rxd8 Qxd8 27. Bd4 Qd6 28. Nh5 b4 29. Nxf6+ gxf6 30. f4 bxc3 31. bxc3 Nd7 32. Qe2 e5 33. Qh5 Rb8 34. fxe5 fxe5 35. Qg5+ Qg6 36. Qxg6+ hxg6 37. Bxe5 Rb2 38. a3 Rc2 39. Bd4 Kf7 40. Rb1 Ra2 41. c4 Rc2 42. Bb6 Nxb6 43. Rxb6 Rxc4 44. Kf2 Rc3 45. a4 Rc4 46. Ra6 Rxa4 47. Kf3 Kg7 48. Ra8 Kh6 49. h4 Ra1 50. Kf4 a4 51. Rh8+ Kg7 52. Ra8 a3 53. Kg5 a2 54. Ra7+ Kf8 55. Kxg6 f4 56. Kf6 Kg8 57. gxf4 Rf1 58. Rxa2 Rxf4+ 59. Kg5 Rf1 60. Ra7 Rg1+ 61. Kh6 Kf8 62. Kh7 Rg4 63. h5 Rg1 64. h6 Rg2 65. Rg7 Rh2 66. Rg8+ Kf7 67. Rg7+ Kf8 68. Rg8+ Kf7 69. Rg7+ 1/2-1/2

[Event "Lanzarote op"]
[Site "Lanzarote"]
[Date "2019.06.30"]
[Round "9"]
[White "Abreu Suarez, Isauro"]
[Black "Padilla Mendez, Vicente"]
[Result "1/2-1/2"]
[WhiteElo "1958"]
[BlackElo "1867"]
[PlyCount "126"]
[EventDate "2019.06.24"]
[EventType "swiss"]
[EventRounds "9"]
[EventCountry "ESP"]
[SourceTitle "CBM 191 Extra"]
[Source "ChessBase"]
[SourceDate "2019.09.30"]
[SourceVersion "1"]
[SourceVersionDate "2019.09.30"]
[SourceQuality "1"]

1. Nc3 c5 2. Nf3 e6 3. d4 cxd4 4. Nxd4 a6 5. g3 Nf6 6. Bg2 Be7 7. e4 d6 8. 0-0 Qc7 9. Be3 Bd7 10. f4 Nc6 11. Kh1 h5 12. f5 Ng4 13. Bg1 Nce5 14. Nf3 Bf6 15. Nxe5 Nxe5 16. Rb1 h4 17. g4 h3 18. Bf3 Nxf3 19. Rxf3 Bc6 20. Bd4 Bxd4 21. Qxd4 0-0-0 22. Kg1 Kb8 23. b4 Rh4 24. Rg3 b5 25. a4 Qa7 26. Qxa7+ Kxa7 27. axb5 axb5 28. fxe6 fxe6 29. Rf1 Kb6 30. Rf7 Ra8 31. Rxg7 Ra1+ 32. Kf2 Rc1 33. Ke3 Rxc2 34. Ne2 Bxe4 35. Nd4 Rc3+ 36. Kf4 e5+ 37. Kg5 Rxg3 38. Kxh4 Rg2 39. Ne6 Rxh2 40. Ng5 Bd5 41. Nxh3 Rb2 42. g5 Rxb4+ 43. Kg3 Kc5 44. g6 Rb3+ 45. Kh4 Rxh3+ 46. Kxh3 b4 47. Rc7+ Kd4 48. g7 b3 49. Kg3 b2 50. Rb7 Kc3 51. Rc7+ Kd3 52. Rb7 Kc2 53. Rc7+ Kd3 54. Rb7 Kc2 55. Rc7+ Kd1 56. Rb7 e4 57. Rxb2 e3 58. g8Q Bxg8 59. Kf3 e2 60. Rxe2 Bc4 61. Rh2 d5 62. Ke3 Kc1 63. Kd4 Kd1 1/2-1/2

[Event "Lanzarote op"]
[Site "Lanzarote"]
[Date "2019.06.27"]
[Round "5"]
[White "Diaz Benitez, Ricardo"]
[Black "Padilla Mendez, Vicente"]
[Result "1-0"]
[WhiteElo "2001"]
[BlackElo "1867"]
[PlyCount "59"]
[EventDate "2019.06.24"]
[EventType "swiss"]
[EventRounds "9"]
[EventCountry "ESP"]
[SourceTitle "CBM 191 Extra"]
[Source "ChessBase"]
[SourceDate "2019.09.30"]
[SourceVersion "1"]
[SourceVersionDate "2019.09.30"]
[SourceQuality "1"]

1. d4 d5 2. Bf4 Nf6 3. e3 Bf5 4. c4 c6 5. Qb3 Qb6 6. c5 Qxb3 7. axb3 Nbd7 8. b4 Nh5 9. Bg5 h6 10. Bh4 g5 11. Be2 Ndf6 12. Bg3 Nxg3 13. hxg3 Bg7 14. Nf3 Ng4 15. Nc3 Kd7 16. b5 e5 17. 0-0 Rhe8 18. Ra4 exd4 19. Nxd4 Bxd4 20. Rxd4 Nf6 21. Ra1 Ne4 22. bxc6+ bxc6 23. Nxe4 Bxe4 24. Rda4 Ke6 25. Rxa7 Rxa7 26. Rxa7 Rb8 27. Rc7 d4 28. exd4 Rxb2 29. Bc4+ Bd5 30. Rxc6+ 1-0

[Event "Lanzarote op"]
[Site "Lanzarote"]
[Date "2019.06.25"]
[Round "2"]
[White "Padilla Mendez, Vicente"]
[Black "Betancort Gonzalez, Esteban Dimitri"]
[Result "1-0"]
[WhiteElo "1867"]
[BlackElo "1393"]
[PlyCount "125"]
[EventDate "2019.06.24"]
[EventType "swiss"]
[EventRounds "9"]
[EventCountry "ESP"]
[SourceTitle "CBM 191 Extra"]
[Source "ChessBase"]
[SourceDate "2019.09.30"]
[SourceVersion "1"]
[SourceVersionDate "2019.09.30"]
[SourceQuality "1"]

1. d4 Nf6 2. c4 e6 3. Nc3 Bb4 4. Qc2 d5 5. a3 Bxc3+ 6. Qxc3 c6 7. Nf3 h6 8. e3 0-0 9. Bd3 Nbd7 10. b4 Nb6 11. c5 Nbd7 12. 0-0 Re8 13. Bb2 Nf8 14. a4 Bd7 15. b5 Qc7 16. Qc2 Rec8 17. Rfc1 Be8 18. h3 Ng6 19. Rab1 Ne7 20. Ne5 Kf8 21. Ba3 Kg8 22. b6 Qd8 23. bxa7 Rxa7 24. Bb4 Rca8 25. a5 Nd7 26. Nf3 Nf6 27. Be1 Bd7 28. Rb2 Bc8 29. Rcb1 Rb8 30. Ra1 Rba8 31. Qb1 Qc7 32. Ra3 Nd7 33. Bc3 Nf6 34. Rab3 Rb8 35. Ne5 Nd7 36. f4 Kf8 37. Qf1 Nf6 38. Qf3 Qd8 39. g4 Qe8 40. Rf2 Bd7 41. g5 Nfg8 42. h4 Qd8 43. h5 Be8 44. Ng4 Nf5 45. gxh6 Ngxh6 46. Nxh6 Nxh6 47. Qh3 Bd7 48. Rg2 Qf6 49. Rg5 Re8 50. Rb2 Re7 51. Rbg2 e5 52. Qg3 Bg4 53. dxe5 Qe6 54. f5 Bxf5 55. Rxg7 Bg4 56. Rxg4 Nxg4 57. Qxg4 Qxg4 58. Rxg4 f6 59. Rf4 Kg8 60. exf6 Rxe3 61. f7+ Kf8 62. Bg7+ Kxg7 63. f8Q# 1-0

[Event "Tenerife-chT Preferente 1516"]
[Site "Tenerife"]
[Date "2016.01.16"]
[Round "4.2"]
[White "Padilla Mendez, Vicente"]
[Black "Castaner Harster, Xavier"]
[Result "0-1"]
[WhiteElo "1870"]
[BlackElo "2137"]
[PlyCount "38"]
[EventDate "2015.12.12"]
[EventType "team-tourn"]
[EventRounds "14"]
[EventCountry "ESP"]
[SourceTitle "CBM 170 Extra"]
[Source "ChessBase"]
[SourceDate "2016.02.25"]
[SourceVersion "1"]
[SourceVersionDate "2016.02.25"]
[SourceQuality "1"]
[WhiteTeam "La Gomera"]
[BlackTeam "Rey Ahogado"]
[WhiteTeamCountry "ESP"]
[BlackTeamCountry "ESP"]

1. d4 Nf6 2. c4 e6 3. Nc3 Bb4 4. Qc2 c5 5. dxc5 0-0 6. e4 Bxc3+ 7. bxc3 Qa5 8. Bd3 Qxc5 9. Be3 Qa5 10. h3 Nc6 11. Nf3 d6 12. 0-0 Qc7 13. Nd4 a6 14. Nxc6 Qxc6 15. Rab1 e5 16. Rb6 Qc7 17. Rfb1 Rb8 18. Qe2 Be6 19. f4 Rfc8 0-1